Vi nhân giống cây nghệ đen (Curcuma zedoaria (Christm.) Roscoe) : Luận văn Thạc sĩ Khoa học. Chuyên ngành: Sinh thái học

Giới thiệu nguồn gốc, đặc điểm cây nghệ đen, phương pháp vi nhân giống cây nghệ đen.

Bewaard in:
Bibliografische gegevens
Hoofdauteur: Nguyễn, Thị Phiên
Formaat: Boek
Taal:Undetermined
Gepubliceerd in: Cần Thơ Đại học Cần Thơ 2011
Onderwerpen:
Tags: Voeg label toe
Geen labels, Wees de eerste die dit record labelt!
Thư viện lưu trữ: Trung tâm Học liệu Trường Đại học Cần Thơ
LEADER 00981nam a2200217Ia 4500
001 CTU_170750
008 210402s9999 xx 000 0 und d
082 |a 631.53 
082 |b Ph305 
088 |a 60420120 
100 |a Nguyễn, Thị Phiên 
245 0 |a Vi nhân giống cây nghệ đen (Curcuma zedoaria (Christm.) Roscoe) : 
245 0 |b Luận văn Thạc sĩ Khoa học. Chuyên ngành: Sinh thái học 
245 0 |c Nguyễn Thị Phiên ; Lê Văn Bé (Người hướng dẫn Khoa học) 
260 |a Cần Thơ 
260 |b Đại học Cần Thơ 
260 |c 2011 
520 |a Giới thiệu nguồn gốc, đặc điểm cây nghệ đen, phương pháp vi nhân giống cây nghệ đen. 
650 |a Plant propagation,Plant tissue culture,Nhân giống cây trồng,Nuôi cấy mô thực vật 
904 |i Năm 
980 |a Trung tâm Học liệu Trường Đại học Cần Thơ